| 000 | 00938nam a22002897a 4500 | ||
|---|---|---|---|
| 001 | 4892 | ||
| 003 | FISKH | ||
| 005 | 20241023101525.0 | ||
| 008 | 241023b cb ||||| |||| 00| 0 eng d | ||
| 020 | _a9780439099394 | ||
| 040 |
_aFISKH _beng _cFISKH _dFISKH |
||
| 050 | _aPZ7.B934 | ||
| 082 | _a813.4 | ||
| 100 | _aBurnett, Frances Hodgson | ||
| 245 |
_aThe Secret Garden / _cby Frances Hodgson Burnett |
||
| 250 | _aThe Secret Garden was published in 1911 | ||
| 260 |
_aNew York : _bScholastic ; _c1999 . |
||
| 300 |
_a298 pages : _billustrations ; _c18 cm . |
||
| 505 | _aZ | ||
| 520 | _aTen-year-old Mary comes to live in a lonely house on the Yorkshire moors and discovers an invalid cousin and the mysteries of a locked garden. | ||
| 521 | 8 |
_a970
_bLexile |
|
| 521 | 8 |
_aZ
_bRaz-Plus |
|
| 650 |
_achildren's _vfiction |
||
| 700 |
_aMartin, Ann M. _eillustrator |
||
| 942 |
_2ddc _cBK _n0 |
||
| 999 |
_c4892 _d4892 |
||